Statistics for Countries That End In Y

Click here to take the quiz!

General Stats

  • This quiz has been taken 60 times
  • The average score is 6 of 8

Answer Stats

Answer% Correct
Paraguay
96%
Uruguay
96%
Germany
89%
Hungary
79%
Italy
79%
Turkey
79%
Norway
64%
Vatican City
58%

Score Distribution

Percentile by Number Answered

Percent of People with Each Score

Your Score History

You have not taken this quiz